000 00366nam a2200157Ia 4500
008 230917s9999||||xx |||||||||||||| ||und||
040 _e137634
_aMAIN
041 _aEnglish
082 _a519.5 K143M
100 _aKapur, J N
245 0 _aMathematical statistics
250 _a5th ed.
260 _aNew Delhi
_bS Chand
_c1969
300 _ax, 472 p.
942 _cBK
999 _c66596
_d66596